000
00282nam a2200109 4500
008
160702b xxu||||| |||| 00| 0 eng d
100
_9
1902
_a
Sinha, N
245
_a
5 Mystery Stories
260
_a
N.D
_b
Children Book Trust
_c
2004
300
_a
5 Mystery Stories
942
_2
ddc
_c
BK
999
_c
1604
_d
1604